| 000 | 00875nmm a2200277 a 4500 | ||
|---|---|---|---|
| 001 | ocm000652860 | ||
| 003 | TR-IsHL | ||
| 005 | 20201028132804.0 | ||
| 008 | 131030s2009 tu tur | ||
| 007 | cr cn | ||
| 020 | _a9789756476697 | ||
| 035 |
_a652860 _b(N$T) |
||
| 050 | 0 | 4 |
_aBP193 _b.B69 2009 |
| 090 | 0 | 4 |
_aBP193 _b.B69 2009 |
| 100 | 1 | _aBozgeyik, Burhan | |
| 245 | 1 | 0 |
_a12 imam ve alevilik _h[electronic resource] / _cBurhan Bozgeyik ; ed. Mehmet Dikmen |
| 260 |
_aİstanbul : _bCihan Yayınları, _c2009 |
||
| 300 | _a257 p. | ||
| 650 | 4 | _aFelsefe, Psikoloji ve Din | |
| 650 | 4 | _aPhilosophy, Psychology and Religion | |
| 650 | 0 | _aAlevilik | |
| 650 | 0 | _aImams (Shiites) | |
| 650 | 7 |
_aRELIGION / Islam / Shi'a _2bisacsh |
|
| 700 | 1 | _aDikmen, Mehmet | |
| 856 | 4 | 0 | _uhttp://search.ebscohost.com/login.aspx?direct=true&scope=site&db=e011xww&AN=652860 |
| 999 |
_c5282 _d5282 |
||